000 01678 a2200289 4500
005 2008091008158.0
008 080910t xxu||||| |||| 00| 0 hin d
010 _aHIN-79469-70
020 _a8170563917
_c500.00
020 _a8170563925
_c500.00
035 _aHN-51815-16
037 _bD.B.Act / pub
082 _a181.45
100 _aसेनगुप्ता, अचिन्त्यकुमार
245 _aपरमपुरूष श्री श्री रामकृष्ण
_cअचिन्त्यकुमार सेनगुप्ता अनुवादक शान्ति भार्गव
246 _aParampurush Sri Sri Ramkrishna
_bBy Achintyakumar Sen Gupta
260 _aजयपुर
_bपंचशील प्रकाशन
_c2007
270 _aफिल्म कालोनी,चौड़ा रास्ता
_bजयपुर
_e302003(राज.)
_k2315072
_l5113854
_mpanchsheel_j@sify.com
300 _a2भाग (394पः434पृ)
_c22 सेमी (सजिल्द)
500 _aदो भागो में प्रकाशित
650 _aजीवनी
650 _aBiography
700 _aभार्गव, शान्ति
942 _adpl
_cHN
_k181.45 / सेनगु
_2ddc
_h181.45
_mसेनगु
999 _c2804
_d2804